000 00300nam a22001457a 4500
003 SGT
082 _a611
_bB11O
100 _aOOMMEN,ANITHA
245 _aBASIC ANATOMY : UPPER LIMB
250 _a1
260 _aDELHI
_bANE BOOKS PUB
_c2011
300 _a102
650 _aANATOMY
942 _2ddc
_cBK
_01
999 _c8701
_d8701